000 00989nam a2200277Ia 4500
003 OSt
005 20221005104053.0
006 a|||||r|||| 00| 0
007 ta
008 221004b |||||||| |||| 00| 0 hin d
020 _cIndian Rupees 32
024 _a38835
037 _bGift, 27/08/2018,
_cTextual
040 _aCRL
_cCRL
_bhin
041 _2hin
_ahin
082 _aO1591,1N36x, 152M5
100 _aदास, जगन्नाथप्रसाद, ले.
245 0 _aअपना - अपना एकांत
246 _aApanā - apanā ekāanta
260 _aदिल्ली
_bजयश्री प्रकाशन भारत
_c1985
300 _a104पृ0
_ccm.
650 _a उड़िया साहित्य
650 _aउड़िया कविता
942 _hO1591,1N36x, 152M5
_cTEXL
_2cc
999 _c1011649
_d1011649